Теплофизическое моделирование процессов выявления дефекта в объектах цилиндрической формы при тепловом неразрушающем контроле; Техническая диагностика и неразрушающий контроль; № 4

Bibliographic Details
Parent link:Техническая диагностика и неразрушающий контроль: научно-технический и производственный журнал/ Национальная академия наук Украины (НАНУ), Институт электросварки им. Е. О. Патона (ИЭС) ; Международная ассоциация "Сварка".— , 1990-1993, 2001-.— 0235-3474
№ 4.— 2004.— С. 37-40
Main Author: Стороженко В. А.
Other Authors: Мешков С. Н., Гаптракипов А. А.
Language:Russian
Published: 2004
Series:Неразрушающий контроль
Subjects:
Format: Book Chapter
KOHA link:https://koha.lib.tpu.ru/cgi-bin/koha/opac-detail.pl?biblionumber=395316

MARC

LEADER 00000naa2a2200000 4500
001 395316
005 20231101064616.0
035 |a (RuTPU)RU\TPU\prd\32577 
090 |a 395316 
100 |a 20050209a2004 k y0rusy50 ca 
101 0 |a rus 
102 |a un 
200 1 |a Теплофизическое моделирование процессов выявления дефекта в объектах цилиндрической формы при тепловом неразрушающем контроле  |f В. А. Стороженко, С. Н. Мешков, А. А. Гаптракипов 
225 1 |a Неразрушающий контроль 
320 |a Библиогр.: 4 назв. 
461 1 |0 (RuTPU)RU\TPU\prd\1736  |x 0235-3474  |t Техническая диагностика и неразрушающий контроль  |o научно-технический и производственный журнал  |f Национальная академия наук Украины (НАНУ), Институт электросварки им. Е. О. Патона (ИЭС) ; Международная ассоциация "Сварка"  |d 1990-1993, 2001- 
463 1 |0 (RuTPU)RU\TPU\prd\32009  |t № 4  |v С. 37-40  |d 2004 
610 1 |a моделирование процессов 
610 1 |a теплофизическое моделирование 
610 1 |a цилиндрические объекты 
610 1 |a дефекты 
610 1 |a тепловой контроль 
610 1 |a неразрушающий контроль 
610 1 |a сосуды Дьюара 
700 1 |a Стороженко  |b В. А. 
701 1 |a Мешков  |b С. Н. 
701 1 |a Гаптракипов  |b А. А. 
801 1 |a RU  |b 63413507  |c 20050209  |g PSBO 
801 2 |a RU  |b 63413507  |c 20140128  |g RCR 
942 |c BK